<?xml version="1.0" encoding="UTF-8"?>
<collection xmlns:xsi="http://www.w3.org/2001/XMLSchema-instance" xsi:schemaLocation="http://www.loc.gov/MARC21/slim http://www.loc.gov/standards/marcxml/schema/MARC21slim.xsd" xmlns="http://www.loc.gov/MARC21/slim">
 <record>
  <leader>00000cab a22000004cb4500</leader>
  <controlfield tag="001">IPN-00000959382</controlfield>
  <controlfield tag="003">IPN</controlfield>
  <controlfield tag="005">20250613152257.0</controlfield>
  <controlfield tag="008">250613s2025    xx     d | ||r |||||   ||</controlfield>
  <datafield tag="100" ind1="1" ind2="#">
   <subfield code="a">Lopez, Vince</subfield>
  </datafield>
  <datafield tag="245" ind1="1" ind2="0">
   <subfield code="a">No promotion for overweight cops failing fitness test</subfield>
  </datafield>
  <datafield tag="264" ind1="#" ind2="1">
   <subfield code="c">2025</subfield>
  </datafield>
  <datafield tag="650" ind1="1" ind2="0">
   <subfield code="a">Philippine National Police</subfield>
  </datafield>
  <datafield tag="650" ind1="2" ind2="0">
   <subfield code="a">Police</subfield>
   <subfield code="x">Promotions</subfield>
  </datafield>
  <datafield tag="650" ind1="2" ind2="0">
   <subfield code="a">Overweight police</subfield>
  </datafield>
  <datafield tag="773" ind1="0" ind2="#">
   <subfield code="t">Manila Standard</subfield>
   <subfield code="g">Vol. 39, no. 117 (Jun. 12, 2025), A3</subfield>
  </datafield>
  <datafield tag="852" ind1="#" ind2="#">
   <subfield code="a">UPD</subfield>
   <subfield code="b">DMLP</subfield>
  </datafield>
  <datafield tag="942" ind1="#" ind2="#">
   <subfield code="a">Article</subfield>
  </datafield>
  <datafield tag="950" ind1="#" ind2="#">
   <subfield code="a">FI</subfield>
  </datafield>
 </record>
</collection>
